Hamburg - Quiz - Statistiken

Allgemein
  • Dieses Quiz wurde 22.749 mal gespielt
  • Das Durchschnittsergebnis liegt bei 13 aus 20
Antwortstatistiken
Hinweis Antwort % Korrekt
Kfz-Kennzeichen HH
99%
Fluss, der Hamburg durchquert Elbe
95%
Nördlich angrenzendes Bundesland Schleswig-Holstein
94%
Südlich angrenzendes Bundesland Niedersachsen
92%
Dieser Fluss verschafft Hamburg Zugang zu welchem Meer? Nordsee
87%
Erfolgreichster Fußballverein Hamburger SV
85%
Vergnügungsmeile in St. Pauli Reeperbahn
80%
Konzerthaus und Wahrzeichen Elbphilharmonie
75%
Jeden Sonntag stattfindender Markt in Altona Hamburger Fischmarkt
66%
Mit seinen zahlreichen Stage Theatern ist Hamburg nach New York und London der weltweit drittgrößte Standort für ... Musicals
63%
Naturkatastrophe, durch die im Jahr 1962 alleine in Hamburg 315 Menschen starben Sturmflut
62%
Nebenfluss des oben genannten Flusses, der schon vor mehreren Jahrhunderten in Hamburg zu einem See gestaut wurde Alster
60%
Mittelalterlicher Städtebund, dem Hamburg angehörte Hanse
60%
Weltberühmte Musikgruppe, die am 17.08.1960 ihren ersten Auftritt in Hamburg hatte Beatles
58%
Bekannteste Kirche St. Michaelis
55%
Bürgermeister von 2011 bis 2018 Olaf Scholz
54%
Stadionname dieses Vereins Volksparkstadion
51%
Weltgrößter historischer Lagerkomplex im Hamburger Hafen Speicherstadt
49%
Alljährlich stattfindendes Fest, das an die Gründung des Hafens erinnert Hafengeburtstag
35%
Inselgruppe in der Nordsee, die zu Hamburg gehört Neuwerk
16%
Keine übereinstimmenden Quizze gefunden
Verteilung der Resultate
Anzahl Personen mit jedem Resultat
Perzentil nach korrekt beantworteten Fragen
Ihre Resultats-Entwicklung
Sie haben dieses Quiz noch nicht gespielt